| 000 | 01320nam a2200349 a 4500 | ||
|---|---|---|---|
| 001 | ebr10015835 | ||
| 003 | CaPaEBR | ||
| 006 | m u | ||
| 007 | cr cn||||||||| | ||
| 008 | 000313s2000 enka sb 001 0 eng d | ||
| 020 | _z184150002X | ||
| 020 | _z1841508381 | ||
| 040 |
_aCaPaEBR _cCaPaEBR |
||
| 035 | _a(OCoLC)614519898 | ||
| 050 | 1 | 4 |
_aPN1996 _b.F75 2000eb |
| 100 | 1 | _aFriedmann, Julian. | |
| 245 | 1 | 0 |
_aHow to make money scriptwriting _h[electronic resource] / _cJulian Friedmann. |
| 250 | _a2nd ed. | ||
| 260 |
_aExeter, Eng. ; _aPortland, OR : _bIntellect, _c2000. |
||
| 300 |
_aiv, 219 p. : _bill. |
||
| 500 | _aPrevious ed.: London: Boxtree, 1995. | ||
| 504 | _aIncludes bibliographical references (p. 212-214) and index. | ||
| 533 |
_aElectronic reproduction. _bPalo Alto, Calif. : _cebrary, _d2013. _nAvailable via World Wide Web. _nAccess may be limited to ebrary affiliated libraries. |
||
| 546 | _aEnglish. | ||
| 650 | 0 | _aTelevision authorship. | |
| 650 | 0 | _aMotion picture authorship. | |
| 650 | 0 |
_aTelevision plays _xMarketing. |
|
| 650 | 0 |
_aMotion picture plays _xMarketing. |
|
| 655 | 7 |
_aElectronic books. _2local |
|
| 710 | 2 | _aebrary, Inc. | |
| 856 | 4 | 0 |
_uhttp://site.ebrary.com/lib/rucke/Doc?id=10015835 _zAn electronic book accessible through the World Wide Web; click to view |
| 999 |
_c10676 _d10676 |
||